000 00440nam a2200193Ia 4500
005 20250423095936.0
008 250422s9999 xx 000 0 und d
020 _a0471036757
050 _aQC 37 .L34/
100 _aMeiners, Harry F.
245 0 _aLaboratory physics
250 _a2nd ed.
260 _aNew York
260 _bWiley
260 _cc1987
300 _a649 p
650 _aPhysics_Laboratory manuals.
942 _cBK
999 _c31802
_d31802